[Event "Piestany Slovakia op-A"]
[Site "Piestany"]
[Date "2025.07.15"]
[Round "8"]
[White "Srvatka, Igor"]
[Black "Arshiya, Das"]
[Result "1/2-1/2"]
[WhiteElo "2104"]
[BlackElo "2108"]
[PlyCount "107"]
[EventDate "2025.07.08"]
[EventType "swiss"]
[EventRounds "9"]
[EventCountry "SVK"]
[SourceTitle "CB29_2025"]
[SourceDate "2025.07.16"]
[SourceVersion "1"]
[SourceVersionDate "2025.07.16"]
[SourceQuality "1"]

1. d4 d5 2. Nf3 c5 3. c4 e6 4. cxd5 exd5 5. g3 Nc6 6. Bg2 h6 7. 0-0 Nf6 8. b3 Be7 9. Bb2 0-0 10. Nc3 Bg4 11. dxc5 Bxc5 12. Rc1 Re8 13. h3 Be6 14. Na4 Bf8 15. Nc5 Ne4 16. Nd3 f6 17. a3 Qb6 18. Nf4 Bc5 19. Nd3 Bd6 20. Kh2 Rac8 21. e3 Bf7 22. Nd4 Nxd4 23. Rxc8 Rxc8 24. Bxd4 Qc7 25. b4 b6 26. Qa4 Be8 27. Qa6 Qb8 28. Rc1 Rxc1 29. Nxc1 Nxf2 30. Bxd5+ Bf7 31. Qc4 Bxg3+ 32. Kg2 Bxd5+ 33. Qxd5+ Kh8 34. Ne2 Bh4 35. Nf4 Qe8 36. Qf5 Kg8 37. Ng6 Nd1 38. Nxh4 Nxe3+ 39. Bxe3 Qxe3 40. Qc8+ Kh7 41. Qc2+ Kh8 42. Ng6+ Kg8 43. Qc4+ Kh7 44. Nf8+ Kh8 45. h4 Qd2+ 46. Kf3 Qd1+ 47. Ke3 Qe1+ 48. Kd3 Qd1+ 49. Kc3 Qe1+ 50. Kb3 Qe3+ 51. Kb2 Qe5+ 52. Kb3 Qe3+ 53. Kb2 Qe5+ 54. Kb3 1/2-1/2

[Event "Piestany Slovakia op-A"]
[Site "Piestany"]
[Date "2025.07.13"]
[Round "6"]
[White "Babula, Matej"]
[Black "Arshiya, Das"]
[Result "1/2-1/2"]
[WhiteElo "2080"]
[BlackElo "2108"]
[PlyCount "93"]
[EventDate "2025.07.08"]
[EventType "swiss"]
[EventRounds "9"]
[EventCountry "SVK"]
[SourceTitle "CB29_2025"]
[SourceDate "2025.07.16"]
[SourceVersion "1"]
[SourceVersionDate "2025.07.16"]
[SourceQuality "1"]

1. e4 c5 2. c3 Nf6 3. e5 Nd5 4. Bc4 Nb6 5. Bb3 d6 6. exd6 e6 7. Nf3 Bxd6 8. 0-0 Nc6 9. d4 Bd7 10. Be3 c4 11. Bc2 Qc7 12. Qe2 0-0-0 13. a4 Na5 14. Na3 a6 15. Rfe1 f6 16. h3 Kb8 17. Nd2 f5 18. Nf3 Nxa4 19. Bg5 Rde8 20. Bxa4 Bxa4 21. Ne5 Bb3 22. Bf4 h6 23. Nc2 g5 24. Nd7+ Qxd7 25. Bxd6+ Qxd6 26. Rxa5 Bxc2 27. Qxc2 b5 28. Rea1 Kb7 29. Rxa6 Qxa6 30. Rxa6 Kxa6 31. Qe2 e5 32. dxe5 Re6 33. Qd2 f4 34. b4 cxb3 35. Qd5 Rhe8 36. Qxb3 Rxe5 37. Qa3+ Kb7 38. Qd6 R8e6 39. Qd7+ Kb6 40. Qd8+ Kc6 41. Qc8+ Kd5 42. Qd7+ Kc4 43. Qd4+ Kb3 44. Qb4+ Kc2 45. c4 bxc4 46. Qxc4+ Kd2 47. Qd4+ 1/2-1/2

[Event "Piestany Slovakia op-A"]
[Site "Piestany"]
[Date "2025.07.10"]
[Round "3"]
[White "Arshiya, Das"]
[Black "Chitre, Arush"]
[Result "1/2-1/2"]
[WhiteElo "2108"]
[BlackElo "2151"]
[PlyCount "107"]
[EventDate "2025.07.08"]
[EventType "swiss"]
[EventRounds "9"]
[EventCountry "SVK"]
[SourceTitle "CB29_2025"]
[SourceDate "2025.07.16"]
[SourceVersion "1"]
[SourceVersionDate "2025.07.16"]
[SourceQuality "1"]

1. e4 e5 2. Nf3 Nc6 3. Nc3 Nf6 4. Nd5 Bc5 5. c3 0-0 6. d4 exd4 7. cxd4 Nxd5 8. dxc5 Nf6 9. Bd3 Qe7 10. Bg5 Qxc5 11. 0-0 Ng4 12. Rc1 Qd6 13. Bb5 Qg6 14. Qd2 Nf6 15. e5 Ne4 16. Qe3 d5 17. exd6 Bg4 18. Bxc6 Bxf3 19. Bxe4 Bxe4 20. f3 Bc6 21. Be7 cxd6 22. Bxf8 Kxf8 23. Rfe1 h6 24. b4 Kg8 25. Qf4 a5 26. Rcd1 axb4 27. Rxd6 Qc2 28. Rd2 Qc5+ 29. Qe3 Qc4 30. Qf2 b3 31. axb3 Qxb3 32. Red1 Kh7 33. Qc5 Qe6 34. Rd6 Qb3 35. R6d3 Qe6 36. Rd6 Qb3 37. R6d3 Qe6 38. Re3 Qg6 39. Qc4 Qg5 40. Qc2+ g6 41. Rde1 Qf6 42. Qc3 Qxc3 43. Rxc3 Kg7 44. Re2 Bd5 45. Rd2 Bc6 46. Kf2 Ba4 47. Rd6 Re8 48. Rd4 Bb5 49. Rd2 Bc6 50. h4 Re5 51. Rd6 Rb5 52. Rd2 Re5 53. Rd6 Rb5 54. Rd2 1/2-1/2

[Event "Sharjah Masters-B 8th"]
[Site "Sharjah"]
[Date "2025.05.18"]
[Round "2"]
[White "Arshiya, Das"]
[Black "Zhang, Di"]
[Result "0-1"]
[WhiteElo "2174"]
[BlackElo "2410"]
[PlyCount "118"]
[EventDate "2025.05.17"]
[EventType "swiss"]
[EventRounds "9"]
[EventCountry "UAE"]
[SourceTitle "CB22_2025"]
[SourceDate "2025.05.28"]
[SourceVersion "1"]
[SourceVersionDate "2025.05.28"]
[SourceQuality "1"]

1. Nf3 c5 2. g3 Nc6 3. Bg2 Nf6 4. 0-0 h5 5. d3 g6 6. e4 Bg7 7. Re1 d6 8. Nc3 h4 9. Nxh4 Rxh4 10. gxh4 Bg4 11. f3 Be6 12. Ne2 Qd7 13. Be3 0-0-0 14. d4 cxd4 15. Nxd4 Rh8 16. Qd2 Rxh4 17. Nxc6 bxc6 18. Qf2 Rh5 19. Rad1 Ra5 20. Rd3 Qc7 21. Ra3 Rxa3 22. bxa3 Qa5 23. Bf1 Nd7 24. Qe2 Nc5 25. Bxc5 Qxc5+ 26. Kh1 Kc7 27. c4 Bc3 28. Rb1 Ba5 29. Qb2 Bb6 30. Bd3 g5 31. a4 Bh3 32. Qe2 f6 33. Bc2 Qe5 34. Bd3 Qf4 35. Bc2 g4 36. fxg4 Be3 37. Rg1 Bxg1 38. Kxg1 Bxg4 39. Qf2 Qc1+ 40. Kg2 c5 41. Bb3 Qh6 42. Qg3 Qd2+ 43. Qf2 Qd3 44. Qc2 Qf3+ 45. Kg1 Bh3 46. Qf2 Qxe4 47. Qd2 Qf3 48. Qf2 Qg4+ 49. Qg3 Qd4+ 50. Kh1 Qa1+ 51. Qg1 Qc3 52. Qg3 Qc1+ 53. Qg1 Qf4 54. Qg2 Bxg2+ 55. Kxg2 e5 56. Bd1 Qd2+ 57. Kg3 Qxd1 58. h4 e4 59. Kf4 Qf3# 0-1

[Event "Asia-ch (Women) Blitz"]
[Site "Al Ain"]
[Date "2025.05.10"]
[Round "4"]
[White "Arshiya, Das"]
[Black "Potapova, Margarita"]
[Result "0-1"]
[WhiteElo "2174"]
[BlackElo "2224"]
[PlyCount "108"]
[EventDate "2025.05.10"]
[EventType "swiss (blitz)"]
[EventRounds "9"]
[EventCountry "UAE"]
[SourceTitle "CB20_2025"]
[SourceDate "2025.05.14"]
[SourceVersion "1"]
[SourceVersionDate "2025.05.14"]
[SourceQuality "1"]

1. e4 c6 2. d4 d5 3. e5 Bf5 4. Nf3 e6 5. Be2 c5 6. c3 Nc6 7. 0-0 cxd4 8. Nxd4 Nge7 9. f4 Nxd4 10. cxd4 Nc6 11. Nc3 Be7 12. g4 Be4 13. Be3 0-0 14. f5 Bg5 15. Qd2 Bxe3+ 16. Qxe3 Qb6 17. Nxe4 dxe4 18. Rfd1 Rfd8 19. fxe6 fxe6 20. Kg2 Rxd4 21. Rxd4 Qxd4 22. Qxd4 Nxd4 23. Bc4 Rc8 24. b3 b5 25. Rd1 bxc4 26. Rxd4 c3 27. Rd1 c2 28. Rc1 Rc3 29. Kf2 Kf7 30. Ke2 e3 31. b4 Ke7 32. a4 Kd7 33. Kf3 Kc6 34. Ke2 Kd5 35. b5 Kc5 36. Kf3 Kb4 37. Ke2 Kxa4 38. h4 Kb3 39. h5 Kb2 40. Re1 c1Q 41. Rxc1 Kxc1 42. g5 Kb2 43. g6 hxg6 44. hxg6 Kb3 45. Ke1 Kc4 46. Ke2 Kd4 47. Ke1 Rc2 48. Kd1 Ra2 49. Ke1 Kd3 50. Kf1 Ke4 51. Ke1 Kf3 52. Kd1 e2+ 53. Ke1 Ke3 54. b6 Ra1# 0-1

[Event "IND-ch U15 Girls 40th"]
[Site "Hosur"]
[Date "2024.11.07"]
[Round "6"]
[White "Arshiya, Das"]
[Black "Patil, Disha"]
[Result "1-0"]
[WhiteElo "2030"]
[BlackElo "1801"]
[PlyCount "79"]
[EventDate "2024.11.03"]
[EventType "swiss"]
[EventRounds "11"]
[EventCountry "IND"]
[SourceTitle "CB45_2024"]
[Source "ChessBase"]
[SourceDate "2024.11.06"]
[SourceVersion "1"]
[SourceVersionDate "2024.11.06"]
[SourceQuality "1"]

1. e4 e5 2. Nf3 Nc6 3. d4 exd4 4. Nxd4 Nf6 5. Nxc6 bxc6 6. e5 Qe7 7. Qe2 Nd5 8. h4 f6 9. c4 Nb6 10. exf6 gxf6 11. Be3 Ba6 12. Qc2 Qe5 13. Nd2 c5 14. 0-0-0 0-0-0 15. Bd3 d5 16. cxd5 Bxd3 17. Qxd3 Qxd5 18. Qa6+ Qb7 19. Qxb7+ Kxb7 20. Ne4 Be7 21. Nxc5+ Bxc5 22. Bxc5 Nd5 23. g3 a5 24. Rhe1 Rhg8 25. Rd4 f5 26. Re5 Kc6 27. Rc4 Kb5 28. b3 Ka6 29. Rd4 c6 30. Rxf5 Rge8 31. Rf7 Re1+ 32. Kd2 Rde8 33. Rxd5 R1e2+ 34. Kd3 Rxa2 35. Ra7+ Kb5 36. Rb7+ Ka6 37. Rdd7 Rd2+ 38. Kxd2 a4 39. Rb6+ Ka5 40. b4# 1-0

[Event "IND-ch U15 Girls 40th"]
[Site "Hosur"]
[Date "2024.11.06"]
[Round "5"]
[White "Pradiksha, PS."]
[Black "Arshiya, Das"]
[Result "0-1"]
[WhiteElo "1765"]
[BlackElo "2030"]
[PlyCount "102"]
[EventDate "2024.11.03"]
[EventType "swiss"]
[EventRounds "11"]
[EventCountry "IND"]
[SourceTitle "CB45_2024"]
[Source "ChessBase"]
[SourceDate "2024.11.06"]
[SourceVersion "1"]
[SourceVersionDate "2024.11.06"]
[SourceQuality "1"]

1. e4 c5 2. Nf3 d6 3. d4 cxd4 4. Nxd4 Nf6 5. Nc3 a6 6. Be3 e5 7. Nb3 Be6 8. Be2 Nbd7 9. g4 h6 10. Rg1 Rc8 11. Qd2 b5 12. 0-0-0 b4 13. Nd5 Nxe4 14. Qxb4 Bxd5 15. Rxd5 Nef6 16. Ra5 Qc7 17. Qd2 Ne4 18. Qd1 Nec5 19. Ra3 Be7 20. Kb1 Kf8 21. g5 hxg5 22. Bxg5 Rxh2 23. Bxe7+ Kxe7 24. Nxc5 Nxc5 25. Rxg7 Rxf2 26. Bc4 Ne6 27. Rg4 a5 28. Rc3 Qd7 29. Qg1 Rf6 30. a4 Nd4 31. Re4 Nf3 32. Qd1 Qf5 33. Ree3 Ng5 34. Ba6 Rb8 35. Rc7+ Kf8 36. Qh1 Kg7 37. Rg3 e4 38. Qh5 Rg6 39. Bc4 d5 40. Rc5 Qf6 41. Bb3 Qf1+ 42. Ka2 Rh8 43. Qg4 Ne6 44. Bc4 Qf2 45. Rxd5 Rxg4 46. Rxg4+ Kf6 47. Rxe4 Qxc2 48. Bd3 Qc6 49. Rde5 Rd8 50. Bb5 Qc2 51. Re2 Rd2 0-1

[Event "IND-ch (Women) 50th"]
[Site "Karaikudi"]
[Date "2024.10.11"]
[Round "9"]
[White "Kalyani, Sirin"]
[Black "Arshiya, Das"]
[Result "1-0"]
[WhiteElo "2132"]
[BlackElo "2035"]
[PlyCount "101"]
[EventDate "2024.10.03"]
[EventType "swiss"]
[EventRounds "11"]
[EventCountry "IND"]
[SourceTitle "CB47_2024"]
[SourceDate "2024.11.20"]
[SourceVersion "1"]
[SourceVersionDate "2024.11.20"]
[SourceQuality "1"]

1. e4 c5 2. Nf3 d6 3. Bb5+ Nd7 4. d4 cxd4 5. Qxd4 a6 6. Bxd7+ Bxd7 7. Bg5 Nf6 8. 0-0 e5 9. Qd3 h6 10. Bxf6 Qxf6 11. Nc3 Bc6 12. Nd5 Bxd5 13. Qxd5 Rb8 14. Nd2 Qd8 15. Nc4 Be7 16. Rfd1 Rc8 17. Ne3 Qb6 18. c4 0-0 19. b3 Rfd8 20. Qd3 Bf8 21. Nd5 Qc5 22. Qh3 b5 23. cxb5 axb5 24. a4 bxa4 25. bxa4 Qa5 26. Qd3 Rc5 27. Rdb1 Rdc8 28. h3 Rc2 29. Ne3 R2c5 30. Kh2 Qd8 31. Ra2 Rc3 32. Qd2 Qh4 33. Nd5 R3c5 34. f3 Be7 35. Nxe7+ Qxe7 36. a5 Qa7 37. a6 R8c7 38. Qxd6 R5c6 39. Qxe5 Kh7 40. Qf5+ g6 41. Qf4 h5 42. Rd1 Rc8 43. Rad2 R6c7 44. Rd8 Rxd8 45. Rxd8 Rc6 46. Qe5 f6 47. Qd5 Qxa6 48. Qf7+ Kh6 49. f4 Rc8 50. Qf8+ Kh7 51. Qh8# 1-0

[Event "Commonwealth-ch"]
[Site "Waskaduwa"]
[Date "2024.08.31"]
[Round "4"]
[White "Gomes, Mary Ann"]
[Black "Arshiya, Das"]
[Result "1/2-1/2"]
[WhiteElo "2298"]
[BlackElo "1988"]
[PlyCount "130"]
[EventDate "2024.08.28"]
[EventType "swiss"]
[EventRounds "9"]
[EventCountry "SRI"]
[SourceTitle "EXT 2025"]
[Source "ChessBase"]
[SourceDate "2024.10.14"]
[SourceVersion "1"]
[SourceVersionDate "2024.10.14"]
[SourceQuality "1"]

1. Nf3 d5 2. g3 c6 3. Bg2 Bf5 4. b3 e6 5. Bb2 Nd7 6. 0-0 Ngf6 7. d3 h6 8. Nbd2 Be7 9. e4 dxe4 10. dxe4 Bh7 11. Qe2 0-0 12. Rad1 Qc7 13. a3 Rfd8 14. e5 Nd5 15. c4 N5b6 16. Ne4 Nc5 17. Nd4 a5 18. Nd6 Nc8 19. b4 axb4 20. axb4 Nd3 21. Rxd3 Bxd3 22. Qxd3 Nxd6 23. exd6 Bxd6 24. Qb3 Be5 25. Nf3 Bxb2 26. Qxb2 Qd6 27. c5 Qd3 28. Ne5 Qa3 29. Qxa3 Rxa3 30. b5 Rc3 31. bxc6 bxc6 32. Nxc6 Re8 33. Rd1 Rxc5 34. h4 Kf8 35. f4 Rc8 36. Rd6 h5 37. Kh2 g6 38. Ne5 Rc2 39. Kh3 R8c7 40. Be4 Rb2 41. Rd1 Kg7 42. Nc6 Rb6 43. Ne5 Rb2 44. Bf3 Rbc2 45. g4 hxg4+ 46. Kxg4 Rc1 47. Rd6 Kf6 48. Kg3 R1c2 49. Ng4+ Ke7 50. Ra6 R2c3 51. Nf2 Rc1 52. Ne4 Rg1+ 53. Kf2 Rgc1 54. Ng5 Kf8 55. Be4 Kg7 56. Ra2 Rd7 57. Bf3 Rdc7 58. Kg3 Rg1+ 59. Kh2 Rgc1 60. Kh3 R7c4 61. Ra7 Rc7 62. Ra6 R7c4 63. Ra7 Rc7 64. Ra6 R7c4 65. Ra7 Rc7 1/2-1/2

[Event "Abu Dhabi Masters Online"]
[Site "Chess.com INT"]
[Date "2024.08.21"]
[Round "10"]
[White "Arshiya, Das"]
[Black "Tokat, Nehir"]
[Result "1-0"]
[WhiteElo "1989"]
[BlackElo "1892"]
[PlyCount "77"]
[EventDate "2024.08.21"]
[EventType "swiss (blitz)"]
[EventRounds "11"]
[EventCountry "UAE"]
[SourceTitle "CBM 221 Extra"]
[Source "ChessBase"]
[SourceDate "2024.09.30"]
[SourceVersion "1"]
[SourceVersionDate "2024.09.30"]
[SourceQuality "1"]

1. e4 c5 2. Nf3 Nc6 3. d3 g6 4. Nc3 Bg7 5. g3 e6 6. Bg2 Nge7 7. 0-0 0-0 8. Bg5 h6 9. Bd2 d6 10. Re1 Rb8 11. a4 a6 12. Qc1 Kh7 13. Ne2 b5 14. axb5 axb5 15. Bc3 e5 16. Bd2 f5 17. Nc3 Be6 18. h4 d5 19. exd5 Nxd5 20. Nxd5 Bxd5 21. c4 Bf7 22. cxb5 Rxb5 23. Ng5+ hxg5 24. Bxc6 Rb6 25. Bxg5 Qxd3 26. Qxc5 Rxb2 27. Rad1 Qc2 28. Qxc2 Rxc2 29. Bg2 Rb8 30. Rd7 Kg8 31. Red1 Rbb2 32. Rd8+ Kh7 33. Be3 f4 34. gxf4 exf4 35. Ba7 Ra2 36. R1d7 Be6 37. Rb7 Bg4 38. Bd4 Rc1+ 39. Kh2 1-0

[Event "Abu Dhabi Masters Online"]
[Site "Chess.com INT"]
[Date "2024.08.21"]
[Round "8"]
[White "La Fleur, Zara"]
[Black "Arshiya, Das"]
[Result "1-0"]
[WhiteElo "1846"]
[BlackElo "1989"]
[PlyCount "125"]
[EventDate "2024.08.21"]
[EventType "swiss (blitz)"]
[EventRounds "11"]
[EventCountry "UAE"]
[SourceTitle "CBM 221 Extra"]
[Source "ChessBase"]
[SourceDate "2024.09.30"]
[SourceVersion "1"]
[SourceVersionDate "2024.09.30"]
[SourceQuality "1"]

1. e4 c5 2. Nf3 d6 3. d4 cxd4 4. Nxd4 Nf6 5. Nc3 g6 6. Be3 Bg7 7. Be2 Nbd7 8. Qd2 a6 9. 0-0-0 0-0 10. h4 h5 11. g4 hxg4 12. h5 gxh5 13. Nf5 Ne5 14. Nxg7 Kxg7 15. Bh6+ Kh7 16. Bg5 Rh8 17. Bxf6 exf6 18. Rxh5+ Kg7 19. Rdh1 Be6 20. Rxh8 Qxh8 21. Rxh8 Rxh8 22. b3 Rh2 23. Qe3 Ng6 24. Nd5 Bxd5 25. exd5 Rh5 26. Bxg4 Rxd5 27. Bf3 Re5 28. Qd3 d5 29. Bxd5 b5 30. Be4 Re6 31. Bxg6 Re1+ 32. Kd2 Re5 33. Be4 Kf8 34. Qd6+ Kg7 35. Qd7 Rxe4 36. Qf5 Re5 37. Qg4+ Kf8 38. f4 Rd5+ 39. Kc3 Ke7 40. f5 Rc5+ 41. Kb4 Re5 42. c4 bxc4 43. bxc4 a5+ 44. Ka4 Kd6 45. Qd4+ Kc6 46. Qd8 Kc5 47. Qxa5+ Kd4 48. Qd2+ Kc5 49. Kb3 Rxf5 50. Qe3+ Kd6 51. Qd3+ Ke6 52. Qe4+ Re5 53. Qc6+ Ke7 54. c5 f5 55. Qc7+ Ke6 56. c6 f4 57. Qc8+ Kf6 58. c7 f3 59. Qd8+ Kg6 60. c8Q f2 61. Qg4+ Kh7 62. Qdg8+ Kh6 63. Q8g7# 1-0

[Event "Abu Dhabi Masters Online"]
[Site "Chess.com INT"]
[Date "2024.08.21"]
[Round "11"]
[White "Li, Hui"]
[Black "Arshiya, Das"]
[Result "0-1"]
[WhiteElo "2016"]
[BlackElo "1989"]
[PlyCount "144"]
[EventDate "2024.08.21"]
[EventType "swiss (blitz)"]
[EventRounds "11"]
[EventCountry "UAE"]
[SourceTitle "CBM 221 Extra"]
[Source "ChessBase"]
[SourceDate "2024.09.30"]
[SourceVersion "1"]
[SourceVersionDate "2024.09.30"]
[SourceQuality "1"]

1. e4 c5 2. Nf3 d6 3. d4 cxd4 4. Nxd4 Nf6 5. Nc3 g6 6. Be3 Nc6 7. f3 h5 8. Qd2 Nxd4 9. Bxd4 Bh6 10. Be3 Bxe3 11. Qxe3 Be6 12. 0-0-0 Qa5 13. Kb1 Rc8 14. a3 Kf8 15. Be2 Kg7 16. Qd4 Rc6 17. Nd5 Bxd5 18. exd5 Rc5 19. Bc4 Rhc8 20. Bb3 Qb6 21. Rhe1 a5 22. Rxe7 a4 23. Qxa4 Qd8 24. Ree1 b5 25. Qd4 Kg8 26. Re2 Nd7 27. f4 Nb6 28. c3 Nc4 29. Bxc4 Rxc4 30. Qd3 Rxf4 31. Rde1 Qd7 32. Re7 Qf5 33. Qxf5 Rxf5 34. Re8+ Rxe8 35. Rxe8+ Kg7 36. Rb8 Rxd5 37. Rb6 Kf6 38. Kc2 Ke6 39. b3 f5 40. c4 bxc4 41. bxc4 Ra5 42. Kb3 Re5 43. a4 Re3+ 44. Kb4 Re2 45. c5 Rb2+ 46. Ka5 Rxg2 47. Rxd6+ Kf7 48. h4 f4 49. Rd4 Rf2 50. c6 g5 51. hxg5 Kg6 52. c7 Rc2 53. Rxf4 Rxc7 54. Kb6 Rc1 55. a5 Kxg5 56. Ra4 h4 57. a6 Rc8 58. Kb7 Rh8 59. Rc4 h3 60. a7 h2 61. Rc1 Kg4 62. Rc4+ Kg3 63. Rc3+ Kg4 64. Rc4+ Kf3 65. Rc8 Rh7+ 66. Kb8 Rxa7 67. Kxa7 h1Q 68. Rc3+ Ke4 69. Rc7 Qa1+ 70. Kb8 Kd5 71. Rb7 Qe5+ 72. Kc8 Kc6 0-1

[Event "Abu Dhabi Masters Online"]
[Site "Chess.com INT"]
[Date "2024.08.21"]
[Round "4"]
[White "Venkatesh, Narayan"]
[Black "Arshiya, Das"]
[Result "1-0"]
[WhiteElo "2116"]
[BlackElo "1989"]
[PlyCount "42"]
[EventDate "2024.08.21"]
[EventType "swiss (blitz)"]
[EventRounds "11"]
[EventCountry "UAE"]
[SourceTitle "CBM 221 Extra"]
[Source "ChessBase"]
[SourceDate "2024.09.30"]
[SourceVersion "1"]
[SourceVersionDate "2024.09.30"]
[SourceQuality "1"]

1. d4 d5 2. c4 c6 3. Nf3 Nf6 4. e3 Bf5 5. Nc3 e6 6. Nh4 Bg6 7. Nxg6 hxg6 8. Bd2 Nbd7 9. Qc2 Bd6 10. 0-0-0 b6 11. cxd5 cxd5 12. Nb5 Rc8 13. Nxd6+ Ke7 14. Nxc8+ Qxc8 15. Qxc8 Rxc8+ 16. Kb1 Ne4 17. Be1 Ndf6 18. f3 Nd6 19. Bd3 Nb7 20. Bb4+ Ke8 21. Rc1 Kd8 1-0

[Event "Titled Tuesday intern op 06th Aug Early"]
[Site "Chess.com INT"]
[Date "2024.08.06"]
[Round "6"]
[White "De Arruda, Leandro Formes"]
[Black "Arshiya, Das"]
[Result "1-0"]
[WhiteElo "1988"]
[BlackElo "1989"]
[PlyCount "81"]
[EventDate "2024.08.06"]
[EventType "swiss (blitz)"]
[EventRounds "11"]
[EventCountry "USA"]
[SourceTitle "EXT 2025"]
[Source "ChessBase"]
[SourceDate "2024.10.14"]
[SourceVersion "1"]
[SourceVersionDate "2024.10.14"]
[SourceQuality "1"]

1. d4 d5 2. Nf3 Nf6 3. e3 c5 4. c3 Nc6 5. Nbd2 e6 6. Bd3 Bd6 7. 0-0 0-0 8. Re1 e5 9. e4 dxe4 10. Nxe4 exd4 11. Nxf6+ Qxf6 12. Bg5 Bxh2+ 13. Kxh2 Qd6+ 14. Kg1 Bg4 15. cxd4 Nxd4 16. Be7 Qf4 17. Re4 Nxf3+ 18. Qxf3 Qxf3 19. gxf3 Bxf3 20. Bxf8 Bxe4 21. Bxe4 Rxf8 22. Bxb7 Rb8 23. Rd1 g6 24. Rd7 Kf8 25. b3 Re8 26. Bd5 Re1+ 27. Kg2 Re7 28. Rd8+ Kg7 29. Rc8 Re2 30. Rxc5 Rxa2 31. Rc7 h5 32. Bxf7 Kf6 33. Be8 Rb2 34. Rf7+ Kg5 35. Rf3 Kh6 36. Rf6 Rxb3 37. Rxg6+ Kh7 38. Ra6 Rb7 39. Bxh5 Kg7 40. Rg6+ Kf7 41. Rb6+ 1-0

[Event "Titled Tuesday intern op 06th Aug Early"]
[Site "Chess.com INT"]
[Date "2024.08.06"]
[Round "1"]
[White "Melaa, Sondre Lillestol"]
[Black "Arshiya, Das"]
[Result "1-0"]
[WhiteElo "2315"]
[BlackElo "1989"]
[PlyCount "143"]
[EventDate "2024.08.06"]
[EventType "swiss (blitz)"]
[EventRounds "11"]
[EventCountry "USA"]
[SourceTitle "EXT 2025"]
[Source "ChessBase"]
[SourceDate "2024.10.14"]
[SourceVersion "1"]
[SourceVersionDate "2024.10.14"]
[SourceQuality "1"]

1. d4 d5 2. Bf4 Nf6 3. e3 c5 4. Nf3 e6 5. Nbd2 Nc6 6. c3 Be7 7. Bd3 0-0 8. Ne5 Nxe5 9. dxe5 Ne8 10. h4 f6 11. Qh5 g6 12. Qh6 fxe5 13. Bxe5 Bf6 14. Nf3 Bxe5 15. Nxe5 Qf6 16. f4 Ng7 17. h5 Nf5 18. Bxf5 gxf5 19. Qxf6 Rxf6 20. Kf2 b6 21. g4 fxg4 22. Rag1 Kh8 23. Rxg4 Ba6 24. Rhg1 Raf8 25. Rg7 Rf5 26. Rxa7 Rxe5 27. Rxa6 Rxh5 28. Rxb6 e5 29. Rg4 Rh2+ 30. Kg3 Rh1 31. a4 exf4+ 32. Rxf4 Rg8+ 33. Kf3 Rh3+ 34. Ke2 c4 35. Rd6 Re8 36. Rf3 Rh2+ 37. Rf2 Rh3 38. Rxd5 Rhxe3+ 39. Kd2 R3e4 40. a5 Re1 41. Rg2 Rb1 42. Kc2 Ra1 43. Rc5 Ra8 44. Rxc4 R1xa5 45. Rc7 Rh5 46. c4 Rb8 47. Rd2 Rh4 48. Kc3 Rh6 49. Rd3 Rhb6 50. Rd2 Rb3+ 51. Kd4 Rxb2 52. Rxb2 Rxb2 53. c5 Rd2+ 54. Ke5 Re2+ 55. Kf6 Rf2+ 56. Ke6 Re2+ 57. Kd6 Rd2+ 58. Ke7 Re2+ 59. Kd8 Rd2+ 60. Rd7 Rc2 61. Rd5 Kg7 62. Kd7 Kg6 63. c6 h5 64. c7 h4 65. Rd6+ Kg5 66. Rc6 Rd2+ 67. Ke7 h3 68. c8Q h2 69. Qg8+ Kf5 70. Qf7+ Kg4 71. Rg6+ Kh3 72. Qh7# 1-0

[Event "Titled Tuesday intern op 06th Aug Early"]
[Site "Chess.com INT"]
[Date "2024.08.06"]
[Round "9"]
[White "Sabatier, Mathis"]
[Black "Arshiya, Das"]
[Result "1-0"]
[WhiteElo "2183"]
[BlackElo "1989"]
[PlyCount "67"]
[EventDate "2024.08.06"]
[EventType "swiss (blitz)"]
[EventRounds "11"]
[EventCountry "USA"]
[SourceTitle "EXT 2025"]
[Source "ChessBase"]
[SourceDate "2024.10.14"]
[SourceVersion "1"]
[SourceVersionDate "2024.10.14"]
[SourceQuality "1"]

1. d4 d5 2. Nf3 Nf6 3. g3 c5 4. Bg2 Nc6 5. 0-0 Bg4 6. Ne5 Bf5 7. Nxc6 bxc6 8. c4 e6 9. Nc3 cxd4 10. Qxd4 Bd6 11. e4 dxe4 12. Nxe4 Bxe4 13. Bxe4 Nxe4 14. Qxe4 0-0 15. Qxc6 Qe7 16. Be3 Rac8 17. Qe4 f5 18. Qd3 f4 19. Bd4 f3 20. Rac1 e5 21. Be3 e4 22. Qd5+ Kh8 23. c5 Be5 24. Qxe4 Qe6 25. Qh4 Bf6 26. Qh5 Bxb2 27. Rb1 Be5 28. Rb4 Rb8 29. Rh4 Qg8 30. Qxe5 Qxa2 31. Qe4 Qg8 32. c6 Rfe8 33. Qc2 g5 34. Bd4+ 1-0

[Event "Wch U20 Girls 40th"]
[Site "Gandhinagar"]
[Date "2024.06.02"]
[Round "1"]
[White "Arshiya, Das"]
[Black "Prakash, Vaishnavi"]
[Result "1-0"]
[WhiteElo "1919"]
[BlackElo "1632"]
[PlyCount "57"]
[EventDate "2024.06.02"]
[EventType "swiss"]
[EventRounds "11"]
[EventCountry "IND"]
[SourceTitle "CBM 220 Extra"]
[Source "ChessBase"]
[SourceDate "2024.07.31"]
[SourceVersion "1"]
[SourceVersionDate "2024.07.31"]
[SourceQuality "1"]

1. e4 e5 2. Nf3 Nc6 3. Bc4 Bc5 4. c3 Nf6 5. d4 exd4 6. b4 Bb6 7. e5 d5 8. exf6 dxc4 9. Qe2+ Be6 10. b5 Na5 11. cxd4 Bxd4 12. Nxd4 Qxd4 13. Bb2 Qd3 14. fxg7 Rg8 15. Bf6 c6 16. Nc3 Qg6 17. Ne4 Rxg7 18. Bxg7 Qxg7 19. 0-0 0-0-0 20. Qe3 Rg8 21. g3 b6 22. Rad1 Bd5 23. Nc3 Be6 24. Rd6 Qf8 25. Rfd1 Bd5 26. Nxd5 cxd5 27. R6xd5 Qb4 28. Rd7 Qc5 29. R1d5 1-0

[Event "Titled Tuesday intern op 28th May Early"]
[Site "Chess.com INT"]
[Date "2024.05.28"]
[Round "8"]
[White "Arshiya, Das"]
[Black "Osinovsky, Stepan"]
[Result "1-0"]
[WhiteElo "1919"]
[BlackElo "2232"]
[PlyCount "69"]
[EventDate "2024.05.28"]
[EventType "swiss (blitz)"]
[EventRounds "11"]
[EventCountry "USA"]
[SourceTitle "EXT 2025"]
[Source "ChessBase"]
[SourceDate "2024.10.14"]
[SourceVersion "1"]
[SourceVersionDate "2024.10.14"]
[SourceQuality "1"]

1. e4 e5 2. Nf3 Nc6 3. Bb5 a6 4. Bxc6 dxc6 5. 0-0 f6 6. d4 exd4 7. Nxd4 c5 8. Ne2 Qxd1 9. Rxd1 Bd7 10. Bf4 0-0-0 11. Nbc3 Ne7 12. Bg3 h5 13. h3 g5 14. a4 Bg7 15. Rd2 f5 16. exf5 Bxf5 17. Rad1 Rxd2 18. Rxd2 Rd8 19. Rxd8+ Kxd8 20. f3 Bxc2 21. Bf2 b6 22. Ng3 Bg6 23. Kf1 Kd7 24. Ke2 Nf5 25. Nge4 Nd4+ 26. Kd3 Kc6 27. Be3 g4 28. hxg4 hxg4 29. fxg4 b5 30. axb5+ axb5 31. Bxd4 cxd4 32. Ne2 Kd5 33. Nf4+ Ke5 34. Nxg6+ Ke6 35. Nh4 1-0